Zac Brown Band Charting Songs (Billboard Hot 100) - Statistics

General Stats
  • This quiz has been taken 77 times
    37 since last reset
  • The average score is 11 of 22
Answer Stats
Album Weeks On Peak Artist(s) Song % Correct
The Foundation 25 Weeks #20 Zac Brown Band Chicken Fried
91%
You Get What You Give 20 Weeks #18 Zac Brown Band ft. Jimmy Buffet Knee Deep
91%
The Foundation 20 Weeks #25 Zac Brown Band Toes
79%
The Foundation 19 Weeks #34 Zac Brown Band Free
76%
You Get What You Give 20 Weeks #29 Zac Brown Band Colder Weather
73%
You Get What You Give 20 Weeks #32 Zac Brown Band ft. Alan Jackson As She's Walking Away
67%
Jekyll + Hyde 20 Weeks #35 Zac Brown Band Homegrown
67%
The Foundation 20 Weeks #26 Zac Brown Band Whatever It Is
64%
The Foundation 20 Weeks #40 Zac Brown Band Highway 20 Ride
61%
The Comeback 17 Weeks #48 Zac Brown Band Same Boat
52%
You Get What You Give 20 Weeks #35 Zac Brown Band Keep Me In Mind
48%
Uncaged 17 Weeks #47 Zac Brown Band Sweet Annie
48%
Jekyll + Hyde 17 Weeks #40 Zac Brown Band Loving You Easy
39%
Jekyll + Hyde 2 Weeks #96 Zac Brown Band Castaway
36%
Uncaged 15 Weeks #53 Zac Brown Band Jump Right In
33%
The Comeback 6 Weeks #86 Zac Brown Band Out In the Middle
33%
Jekyll + Hyde 20 Weeks #52 Zac Brown Band Beautiful Drug
27%
Uncaged 20 Weeks #48 Zac Brown Band Goodbye in Her Eyes
27%
Welcome Home 4 Weeks #68 Zac Brown Band My Old Man
27%
You Get What You Give 16 Weeks #50 Zac Brown Band No Hurry
18%
Uncaged 11 Weeks #70 Zac Brown Band The Wind
15%
The Comeback 1 Week #96 Zac Brown Band The Man Who Loves You the Most
9%
No matching quizzes found
Score Distribution
Percent of People with Each Score
Percentile by Number Answered
Your Score History
You have not taken this quiz since the last reset